| 000 | 00541nam a2200193 a 4500 | ||
|---|---|---|---|
| 005 | 20250807063851.0 | ||
| 008 | 020118s2000 r 000 0 eng d | ||
| 020 | _a9701506081 | ||
| 035 | _aUPN01000114744 | ||
| 049 | _aCG | ||
| 050 | 4 |
_aBF720 S4.5 _bA4.3 2000 |
|
| 100 | 1 | _aAlvarez H., Francisco | |
| 245 | 1 | 0 |
_aEstimulación temprana : _buna puerta hacia el futuro / _cFrancisco Alvarez H. |
| 250 | _a5a ed. | ||
| 260 |
_aMéxico : _bAlfaomega, _c2000. |
||
| 300 | _a219 p. | ||
| 650 | 2 |
_aEstimulación temprana _97970 |
|
| 905 | _aLibro | ||
| 999 |
_c88584 _d88584 |
||